000 00744nam a2200253Ia 4500
003 OSt
005 20220918221955.0
006 a|||||r|||| 00| 0
007 ta
008 220917b |||||||| |||| 00| 0 eng d
024 _a214,076
037 _cTextual
040 _aARTS
_cARTS
_beng
041 _2eng
_aeng
082 _aWx1,1:g, P1
100 _aSarma Sunil Sen
_9141840
245 0 _aKautilya's arthasastra in the light of modern science and technology
260 _aNew Delh
_bD.K.Printworld(P) ltd.
_c2001
300 _axi, 271 p
_ccm.
490 _aReconstructing Indian history & culture; 22
650 _aPOLITICAL SCIENCE
942 _hWx1,1:g, P1
_cTEXL
_2CC
999 _c274138
_d274138